000 04710cam a2200385 4500500
005 20251228045628.0
041 _afre
042 _adc
100 1 0 _aDescatha, Alexis
_eauthor
700 1 0 _aDespréaux, Thomas
_eauthor
700 1 0 _aPetit, Audrey
_eauthor
700 1 0 _aBodin, Julie
_eauthor
700 1 0 _aAndersen, Johan H.
_eauthor
700 1 0 _aDale, Ann-Marie
_eauthor
700 1 0 _aEvanoff, Bradley A.
_eauthor
700 1 0 _aRoquelaure, Yves
_eauthor
245 0 0 _aDéveloppement d’une matrice emplois-expositions française (« MADE ») pour l’évaluation des contraintes biomécaniques
260 _c2018.
500 _a44
520 _aObjectif : Présenter les étapes de développement d’une matrice emplois-expositions (MEE) portant sur les expositions biomécaniques et illustrer un début d’étude de fiabilité et de validité. Méthodes : Le principe retenu a été celui d’une MEE (Matrice Associant Difficultés physiques au travail et Emploi ou « MADE ») par expertise basée sur les classifications française et internationale des catégories d’emploi pour 17 expositions biomécaniques. Trois binômes ont coté indépendamment de 0 à 5 la fréquence et l’intensité des expositions pour chaque catégorie d’emploi. Les divergences de résultats (> 20 % en moyenne pour chaque exposition biomécanique considérée) entre les binômes ont été discutées collégialement. Ont été évalués : la fiabilité par la différence entre les binômes, le nombre de catégories d’emploi discutées et la corrélation entre les classifications (après transcodage) ; la validité par la corrélation par les variables communes à des matrices américaine et danoise existantes. Résultats : La différence entre les moyennes des binômes était considérée comme satisfaisante. Sur les 51 couples (17 expositions - 3 binômes), la matrice de corrélation ne retrouvait que quatre coefficients inférieurs à 0,6 et 14 entre 0,6 et 0,7. Sur les 1 169 catégories d’emploi, 49 ont été discutés. Les coefficients de corrélations entre les classifications étaient supérieurs à 0,7. Les coefficients de corrélation entre les variables des MEE française, américaine et danoise étaient bons à satisfaisants. Conclusion : Une MEE basée sur l’expertise a été développée avec des indicateurs satisfaisants. Des perspectives s’ouvrent pour améliorer certains champs en santé publique au niveau national et international).
520 _aObjective: This paper presents the stages of development of an occupational biomechanical exposure matrix and preliminary reliability and validity indicators. Methods: The expertise-based job exposure matrix, called “MADE” (for “difficult physical conditions and job matrix”), was developed from the French and international classification of jobs for 17 biomechanical exposures. Three pairs of investigators independently rate the frequency and intensity of exposure of each job from 0 to 5; discordant scores within pairs (mean difference >20% for each biomechanical exposure considered) were discussed collectively. Reliability was assessed by the difference between the initial ratings, the number of revised jobs, and the correlation between the two classifications (with transcoding). Validity was studied by correlating variables similar to those from existing United States and Danish matrices. Results: The difference between the mean scores of the pairs was considered to be “fair” (less than one point). Of the 51 paired results studied (17 exposures - 3 pairs of investigators), four coefficients were found to be less than 0.6, and 14 were between 0.6 and 0.7. Forty-nine of the 1,169 job categories were reviewed. Correlation coefficients between the initial classification and transcoding were greater than 0.7. Correlation coefficients between the French, United States and Danish MEE variables were fair to good. Conclusion: An expertise-based job exposure matrix with fairly reliable indicators has been developed, opening up the prospects to improve certain some fields of public health, at both national and international levels.
690 _abiomé-caniques
690 _amatrice emplois-expositions
690 _aprévention
690 _aprofessionnel
690 _aTMS
690 _abiomechanical exposure
690 _ajob exposure matrix
690 _aMSD
690 _amusculoskeletal
690 _aoccupational
690 _aprevention
786 0 _nSanté Publique | 30 | 3 | 2018-08-21 | p. 333-337 | 0995-3914
856 4 1 _uhttps://stm.cairn.info/revue-sante-publique-2018-3-page-333?lang=fr&redirect-ssocas=7080
999 _c1578981
_d1578981